Sowjetisches Modell und nationale Prägung Kontinuität und Wandel in Ostmitteleuropa nach dem Zweiten Weltkrieg

Bibliographic Details
Other Authors: Lemberg, Hans, 1933-2009 (Editor), Delhaes, Karl von (Editor), Karp, Hans-Jürgen (Editor), Mrowka, Heinrich (Editor)
Format: Book
Language:German
PhysicalDescription:426 s. mp., tab. 24 cm
Published: Marburg/Lahn J.G. Herder-Institut 1991
ISBN:3879692211
ISSN:0178-2231
Series:Historische und landeskundliche Ostmitteleuropa-Studien
Historische und landeskundliche Ostmitteleuropa-Studien
Subjects:

MARC

LEADER 00000nam a2200000 a 4500
001 vtls001362978
003 SK-MaSNL
005 20260301201118.0
008 251113s1991 gw aba r yy ger
015 |a SNBZSA1999-00170 
020 |a 3879692211 
035 |a SNK000316574 
035 |a urn:nbn:sk:snk-amkjgb 
035 |a urn:nbn:sk:snk-am008hvy 
035 |a 70A8B3B7-1551-442F-8C5B-2F372BEFB448 
040 |a SNK  |b slo  |c SNK  |e AACR2 
041 0 |a ger 
044 |a DE 
080 |a 940.55(082)=30  |2 1981 
245 0 0 |a Sowjetisches Modell und nationale Prägung  |b Kontinuität und Wandel in Ostmitteleuropa nach dem Zweiten Weltkrieg  |c herausgegeben im Auftrag der Fachkommission Zeitgeschichte im J.-G.-Herder-Forschungsrat von Hans Lemberg unter Mitwirkung von Karl von Delhaes, Hans-Jürgen Karp und Heinrich Mrowka 
260 |a Marburg/Lahn  |b J.G. Herder-Institut  |c 1991 
300 |a 426 s.  |b mp., tab.  |c 24 cm 
490 1 |a Historische und landeskundliche Ostmitteleuropa-Studien  |x 0178-2231  |v Bd. 7 
500 |a Rozlož. tit. strana 
504 |a Bibliogr. s. 367-410. Reg. Skrat. 
655 7 |a zbierky  |2 SNK  |9 70533 
700 1 |a Lemberg, Hans,  |d 1933-2009  |4 edt  |9 45297 
700 1 |a Delhaes, Karl von  |4 edt  |9 581224 
700 1 |a Karp, Hans-Jürgen  |4 edt  |9 476684 
700 1 |a Mrowka, Heinrich  |4 edt  |9 581225 
830 0 |a Historische und landeskundliche Ostmitteleuropa-Studien  |9 580551 
830 0 |a Historische und landeskundliche Ostmitteleuropa-Studien  |x 0178-2231  |9 580551 
919 |a 3-87969-221-1 
958 |a ZS 
958 |a TL 
958 |a NB 
958 |a ZB 
958 |a DE 
999 |c 893409  |d 895339 
952 |a SNK  |b SNK  |y VYP  |7 0  |p 17A0613184  |o snkSC 98767 D1  |i snk2009/7598  |8 2  |g 60.65  |0 0  |1 0  |4 0  |d 2009-03-25  |l 0  |r 2026-02-24 06:50:50  |w 2026-02-24 
952 |t P60, <03>, [BOOK], {603}  |a SNK  |b SNK  |y PREZ  |7 0  |p 17A0192304  |o snkSC 98767  |i snkV 557/99  |0 0  |1 0  |4 0  |d 1999-05-31  |f 1  |l 0  |r 2025-09-18 00:00:00  |w 2026-02-24